01420nam a2200277 a 450000100100000000500170001000800410002702000180006804000250008608200190011111000510013024501830018126000440036430000360040859000270044465000260047165000400049765000870053770000660062470000430069070000290073395201230076295201170088595201230100299900170112500004712420240301141933.0110411s2015 dr ac 000 0 spa d a9789945585100 aDO-SdBNPbspacBNPHU a347.012bR426p1 aRepública Dominicana.bPodel judicial97491910aPlan estratégico del poder judicial :b2015-2019 /cpresentación Mariano Germán Mejía ; dirección general técnica Miriam Fernández Girat ; fotografías Fior Vidal. aSanto Domingo :bPoder Judicial,c2015. a101 p. :bil., retrs. ;c23 cm. aInventariado, 2018/ YL 4aPodel judicial974920 4aPlanificación estratégica92433 4aAdministración de justicia penalzRepública DominicanaxPlanificación95571512aGermán M., Mariano,d1946-q(Germán Mejía)epres.9931112aFernández Girat, Miriamedir.97492112aVidal, Fiorefot.974922 0010718DSaGRbGRcCTd2018-04-17iLF1l0o347.012 R426pp47124-30r2020-06-25te. 3w2020-06-25yLFDSZNo se presta 0010718PDaPDbPDcCTd2018-04-17iLF1l0o347.012 R426pp47124-10r2020-06-25w2020-06-25yLFPDZNo se presta 0010718PDaPDbPDcCTd2018-04-17iLF1l0o347.012 R426pp47124-20r2020-06-25te. 2w2020-06-25yLFPDZNo se presta c46612d46612